000 00689nam a2200193 i 4500
001 78310
003 ES-MaACL
005 20230906173642.0
007 t|
008 041013s1963 sp ||||1| spa d
100 1 _aHardt, John P.
_961822
245 1 4 _aLos efectos económicos de la guerra fría
_b: ¿la hegemonía americana en peligro? /
_cpor John P. Hardt, C. Darwin Stolzenbach y Martin J. Kohn ; traducido por Enrique Mas Montañés.
260 _aBilbao :
_bDeusto,
_c[1963]
300 _a120 p. ;
_c24 cm.
700 1 _aStolzenbach, C. Darwin.
_9108301
700 1 _aKohn, Martin J.
_968492
700 0 _aMas Montañés, Enrique.
_978642
852 _aES-MaACL
_jC-24065
_bR.52991
999 _c78310
_d78310